000
00205 a2200097 4500
001
43118
100
_a
Darlington, W
245
_a
Sheridan
260
_a
Boston
_b
Houghton miffin
_c
090
_c
26964
_d
26964
942
_a
NUST-CAE
_c
M
_c
18851
999
_c
278191
_d
278191